[Event "Manfred-Bosbach-Turnier/44.OStM"]
[Site "Bergisch Gladbach"]
[Date "2024.08.23"]
[Round "1.1"]
[White "Wieferig, Wolfgang"]
[Black "Nichte, Philipp"]
[Result "1-0"]
[WhiteElo "2170"]
[BlackElo "1754"]
[PlyCount "79"]
[EventDate "2024.??.??"]
[EventType "swiss"]
[EventRounds "7"]
[SourceVersionDate "2024.08.26"]

1. e4 c6 2. d4 d5 3. Nc3 dxe4 4. Nxe4 Nf6 5. Nxf6+ exf6 6. Be3 Be6 7. Bd3 Na6
8. a3 Be7 9. Ne2 Nc7 10. c4 O-O 11. Qc2 h6 12. O-O Re8 13. Nc3 Bf8 14. Rad1 Qc8
15. d5 cxd5 16. cxd5 Bd7 17. Rc1 b6 18. Rfd1 h5 19. d6 Ne6 20. Be4 Rb8 21. Qe2
Nc5 22. Bxc5 Qxc5 23. Rd5 Qc6 24. Rxh5 Rxe4 25. Qxe4 Qxe4 26. Nxe4 f5 27. Ng3
g6 28. Rh4 Bg7 29. Rc7 Be6 30. Rxa7 Bxb2 31. Rb4 Be5 32. d7 Rd8 33. Rb1 Kf8 34.
Ne2 Bb8 35. Rb7 Bd6 36. Rd1 Bxa3 37. Nf4 Bc5 38. h4 Ke7 39. Nd5+ Kd6 40. Nb4+
1-0

[Event "Manfred-Bosbach-Turnier/44.OStM"]
[Site "Bergisch Gladbach"]
[Date "2024.08.23"]
[Round "1.3"]
[White "Harringer, Manfred"]
[Black "Rohleder, Traugott"]
[Result "1/2-1/2"]
[WhiteElo "1960"]
[BlackElo "1721"]
[PlyCount "109"]
[EventDate "2024.??.??"]
[EventType "swiss"]
[EventRounds "7"]
[SourceVersionDate "2024.08.26"]

1. e4 c5 2. Nf3 Nc6 3. Bb5 g6 4. O-O Bg7 5. Re1 Nf6 6. c3 O-O 7. h3 a6 8. Bxc6
bxc6 9. d3 Rb8 10. Qc2 Qb6 11. Na3 d5 12. Rb1 Qc7 13. Be3 Nd7 14. c4 d4 15. Bd2
Ne5 16. Nxe5 Bxe5 17. Qc1 f5 18. f4 Bg7 19. e5 e6 20. Qd1 Bh6 21. Qf3 Rf7 22.
Nc2 a5 23. Re2 Bb7 24. Qg3 Qd8 25. Ne1 Ba6 26. Nf3 Rfb7 27. Be1 Rg7 28. h4 Kh8
29. Rc2 Rgb7 30. Bd2 Rd7 31. Kf2 Ra8 32. Rh1 Bc8 33. Ke2 Rb7 34. Qh2 Qg8 35.
Kd1 Rg7 36. g3 Raa7 37. Be1 Ra8 38. Qg2 Bd7 39. Nd2 Qf8 40. Nf3 Ra7 41. Qf1 Qe8
42. Rch2 Qe7 43. Bd2 Be8 44. Kc1 Rg8 45. Kb1 Bf8 46. Qe1 a4 47. Ba5 h5 48. Ng5
Qd7 49. Rc2 Kg7 50. Bd8 Be7 51. Bxe7 Qxe7 52. Rhh2 Bf7 53. b3 Rb8 54. Rb2 a3
55. Rbc2 1/2-1/2

[Event "Manfred-Bosbach-Turnier/44.OStM"]
[Site "Bergisch Gladbach"]
[Date "2024.08.23"]
[Round "1.4"]
[White "Klein, Dieter"]
[Black "Eilers, Jochen"]
[Result "1/2-1/2"]
[WhiteElo "1498"]
[BlackElo "1931"]
[PlyCount "75"]
[EventDate "2024.??.??"]
[EventType "swiss"]
[EventRounds "7"]
[SourceVersionDate "2024.08.26"]

1. e4 c5 2. Nf3 d6 3. Nc3 a6 4. h3 Nf6 5. d4 cxd4 6. Nxd4 e5 7. Nf3 Be7 8. Bd3
Qc7 9. Bg5 Be6 10. Bxf6 Bxf6 11. Nd5 Bxd5 12. exd5 Nd7 13. O-O O-O 14. c4 Rfe8
15. Qc2 Rac8 16. Bxh7+ Kh8 17. Bd3 b5 18. Rac1 bxc4 19. Qxc4 Qxc4 20. Bxc4 e4
21. Nd2 Bxb2 22. Rc2 Bd4 23. Nb3 Bf6 24. Na5 Ne5 25. Nc6 Nxc6 26. Bxa6 Na7 27.
Bxc8 Nxc8 28. Rc7 Nb6 29. Rd1 Re5 30. Rxf7 Nxd5 31. a4 Nc3 32. Rxd6 Nxa4 33.
Rf8+ Kh7 34. Ra6 Nb2 35. Ra7 Kg6 36. g4 Kg5 37. Kg2 Kf4 38. Rxg7 1/2-1/2

[Event "Manfred-Bosbach-Turnier/44.OStM"]
[Site "Bergisch Gladbach"]
[Date "2024.08.23"]
[Round "1.5"]
[White "Rosenauer, Horst"]
[Black "Stieg, Karsten"]
[Result "1-0"]
[WhiteElo "1863"]
[BlackElo "1401"]
[PlyCount "73"]
[EventDate "2024.??.??"]
[EventType "swiss"]
[EventRounds "7"]
[SourceVersionDate "2024.08.26"]

1. d4 d5 2. c4 dxc4 3. Nc3 Nf6 4. e3 Be6 5. Bxc4 Bxc4 6. Qa4+ c6 7. Qxc4 b5 8.
Qe2 Nd5 9. Nf3 e6 10. O-O g6 11. Bd2 Bg7 12. Nxd5 exd5 13. Bb4 a5 14. Bc5 Na6
15. Rac1 Nxc5 16. Rxc5 Qb6 17. Rfc1 Rc8 18. Qc2 O-O 19. Rxc6 Rxc6 20. Qxc6 Qxc6
21. Rxc6 Rb8 22. Kf1 a4 23. Ke2 b4 24. Kd3 a3 25. b3 f6 26. Ne1 Kf8 27. Rc7 f5
28. Rc5 Ke8 29. Rxd5 Rc8 30. Rc5 Rb8 31. Rc4 Kd7 32. f4 Ke6 33. Nf3 h6 34. Ne5
Bf6 35. Rc6+ Kd5 36. Rxf6 Rc8 37. Nc4 1-0

[Event "Manfred-Bosbach-Turnier/44.OStM"]
[Site "Bergisch Gladbach"]
[Date "2024.08.23"]
[Round "1.6"]
[White "Schüers, Christian"]
[Black "Themm, Rainer"]
[Result "0-1"]
[WhiteElo "1392"]
[BlackElo "1842"]
[PlyCount "60"]
[EventDate "2024.??.??"]
[EventType "swiss"]
[EventRounds "7"]
[SourceVersionDate "2024.08.26"]

1. d4 Nf6 2. Bf4 e6 3. e3 b6 4. Bd3 Bb7 5. Nf3 Be7 6. h3 d6 7. Nbd2 Nbd7 8. c3
h6 9. O-O g5 10. Bh2 g4 11. hxg4 Nxg4 12. Qe2 Nxh2 13. Nxh2 Nf6 14. e4 Qd7 15.
a4 O-O-O 16. Ba6 c6 17. Bxb7+ Qxb7 18. a5 b5 19. a6 Qb8 20. Qf3 Kd7 21. Rfe1
Rh7 22. Ng4 Nxg4 23. Qxg4 Rg8 24. Qh3 Rg6 25. d5 Rhg7 26. dxc6+ Kxc6 27. Nf1
Qg8 28. Ng3 Rg4 29. Qxh6 Bg5 30. Qh5 Bf4 0-1

[Event "Manfred-Bosbach-Turnier/44.OStM"]
[Site "Bergisch Gladbach"]
[Date "2024.08.23"]
[Round "1.7"]
[White "Lobbes, Frank"]
[Black "Limburg, Leonhard"]
[Result "1-0"]
[WhiteElo "1808"]
[BlackElo "1311"]
[PlyCount "59"]
[EventDate "2024.??.??"]
[EventType "swiss"]
[EventRounds "7"]
[SourceVersionDate "2024.08.26"]

1. e4 c5 2. Nf3 Nc6 3. d3 d6 4. g3 g6 5. c3 Bg7 6. Bg2 Nf6 7. O-O O-O 8. Na3 a6
9. Nc2 b5 10. Re1 Qb6 11. e5 dxe5 12. Nxe5 Bb7 13. Nxc6 Bxc6 14. Bxc6 Qxc6 15.
Rxe7 Rfe8 16. Rxe8+ Rxe8 17. Ne3 Re6 18. Qf1 Qf3 19. Bd2 Nh5 20. Qd1 Qc6 21.
Nf5 Bf8 22. Be3 Nf6 23. Nh6+ Bxh6 24. Bxh6 Qd7 25. Qf3 Qe8 26. Kg2 Qc8 27. Rd1
Re8 28. Qxf6 Qa8+ 29. Kh3 Qc8+ 30. g4 1-0

[Event "Manfred-Bosbach-Turnier/44.OStM"]
[Site "Bergisch Gladbach"]
[Date "2024.08.23"]
[Round "1.8"]
[White "Schneider, Erich"]
[Black "Gutt, Oswald"]
[Result "0-1"]
[WhiteElo "1289"]
[BlackElo "1797"]
[PlyCount "86"]
[EventDate "2024.??.??"]
[EventType "swiss"]
[EventRounds "7"]
[SourceVersionDate "2024.08.26"]

1. d4 d5 2. c4 c6 3. Nf3 Nf6 4. e3 e6 5. Bd3 Nbd7 6. Nbd2 Be7 7. O-O O-O 8. Re1
c5 9. e4 Nxe4 10. Nxe4 dxe4 11. Bxe4 Nf6 12. Bc2 b6 13. b3 Bb7 14. dxc5 Bxc5
15. Be3 Qc7 16. Bxc5 Qxc5 17. Qe2 Rad8 18. Rad1 Qh5 19. Rxd8 Rxd8 20. Rd1 Rf8
21. Rd2 Bxf3 22. Qxf3 Qxf3 23. gxf3 Rc8 24. Be4 Kf8 25. Bb7 Rc7 26. Ba6 Ke7 27.
Kg2 Nh5 28. Rd4 g5 29. h4 Nf4+ 30. Kf1 h6 31. hxg5 hxg5 32. Ke1 f5 33. Kf1 Kf6
34. Bb5 Rh7 35. Ke1 Rh1+ 36. Kd2 Ra1 37. a4 Ra2+ 38. Kd1 Rxf2 39. a5 Rxf3 40.
Ba4 Rd3+ 41. Rxd3 Nxd3 42. axb6 axb6 43. Kd2 Nc5 0-1

[Event "Manfred-Bosbach-Turnier/44.OStM"]
[Site "Bergisch Gladbach"]
[Date "2024.08.23"]
[Round "1.9"]
[White "Müller, Aaron"]
[Black "Ehmann, Florian"]
[Result "1-0"]
[WhiteElo "1770"]
[BlackElo "1254"]
[PlyCount "69"]
[EventDate "2024.??.??"]
[EventType "swiss"]
[EventRounds "7"]
[SourceVersionDate "2024.08.26"]

1. d4 Nf6 2. Nc3 e6 3. e4 c5 4. e5 Nd5 5. Nxd5 exd5 6. Nf3 d6 7. exd6 cxd4 8.
Bb5+ Bd7 9. Qe2+ Be7 10. Bxd7+ Qxd7 11. Qxe7+ Qxe7+ 12. dxe7 Kxe7 13. Nxd4 Re8
14. O-O Kf8 15. Be3 Nc6 16. Nxc6 bxc6 17. Bc5+ Kg8 18. Rfe1 a6 19. Kf1 g6 20.
Re7 Rxe7 21. Bxe7 f5 22. Re1 Kf7 23. Bc5 Re8 24. Rxe8 Kxe8 25. f4 Kd7 26. Ke2
Ke6 27. Kd3 Kd7 28. c4 dxc4+ 29. Kxc4 Ke6 30. Bd4 Kd6 31. Be5+ Kd7 32. Kc5 h6
33. h4 Ke6 34. Bg7 g5 35. hxg5 1-0

[Event "Manfred-Bosbach-Turnier/44.OStM"]
[Site "Bergisch Gladbach"]
[Date "2024.08.23"]
[Round "1.10"]
[White "Zimmermann, Wolfgang"]
[Black "Müller, Andreas"]
[Result "0-1"]
[WhiteElo "1164"]
[BlackElo "1754"]
[PlyCount "108"]
[EventDate "2024.??.??"]
[EventType "swiss"]
[EventRounds "7"]
[SourceVersionDate "2024.08.26"]

1. d4 Nf6 2. c4 g6 3. Nc3 d5 4. e3 Bg7 5. Nf3 O-O 6. h3 c5 7. Be2 dxc4 8. Bxc4
cxd4 9. Nxd4 Qc7 10. Qe2 a6 11. O-O Nc6 12. Nxc6 Qxc6 13. Rd1 e6 14. Rb1 b5 15.
Bb3 Bb7 16. e4 Nxe4 17. Nxe4 Qxe4 18. Qxe4 Bxe4 19. Ra1 Rfd8 20. Re1 Bd5 21.
Rb1 Bxb3 22. axb3 Rd3 23. b4 Bf8 24. Be3 Bxb4 25. Red1 Rad8 26. Rxd3 Rxd3 27.
Kf1 Kf8 28. Ke2 Rd5 29. Rc1 Bd6 30. Rc8+ Kg7 31. Ra8 Be5 32. b3 Rd6 33. f4 Bd4
34. g3 Bxe3 35. Kxe3 h5 36. Ra7 Rc6 37. Kd3 b4 38. g4 hxg4 39. hxg4 Rc3+ 40.
Ke4 Rxb3 41. Rxa6 Rb1 42. g5 b3 43. Rb6 b2 44. Kd3 Rd1+ 45. Kc2 b1=Q+ 46. Rxb1
Rxb1 47. Kxb1 f6 48. Kc2 fxg5 49. fxg5 e5 50. Kd3 Kf7 51. Ke3 Ke6 52. Ke4 Kd6
53. Kd3 Kd5 54. Ke3 e4 0-1

[Event "Manfred-Bosbach-Turnier/44.OStM"]
[Site "Bergisch Gladbach"]
[Date "2024.08.29"]
[Round "2.1"]
[White "Gutt, Oswald"]
[Black "Wieferig, Wolfgang"]
[Result "0-1"]
[WhiteElo "1797"]
[BlackElo "2170"]
[PlyCount "70"]
[EventDate "2024.??.??"]
[EventType "swiss"]
[EventRounds "7"]
[SourceVersionDate "2024.08.26"]

1. c4 e5 2. Nc3 Nf6 3. Nf3 Nc6 4. g3 d5 5. cxd5 Nxd5 6. Bg2 Nb6 7. O-O Be7 8.
d3 Bg4 9. h3 Be6 10. Be3 Qd7 11. Kh2 h6 12. Ne4 Nd5 13. Rc1 f5 14. Nc5 Bxc5 15.
Rxc5 Qd6 16. Rxc6 bxc6 17. Bd2 O-O 18. Qa4 Rab8 19. b3 Rb5 20. Qh4 f4 21. d4 e4
22. Ne5 e3 23. Nc4 fxg3+ 24. fxg3 exd2 25. Nxd6 Rxf1 26. Nxb5 d1=Q 27. Qe4 Rf6
28. Nxa7 Bf5 29. Qe8+ Rf8 30. Qxc6 Ne3 31. Bf3 Qf1 32. g4 Qf2+ 33. Kh1 Nf1 34.
Bg2 Be4 35. Qe6+ Kh8 0-1

[Event "Manfred-Bosbach-Turnier/44.OStM"]
[Site "Bergisch Gladbach"]
[Date "2024.08.29"]
[Round "2.2"]
[White "Gelsok, Philipp"]
[Black "Lobbes, Frank"]
[Result "1-0"]
[WhiteElo "2049"]
[BlackElo "1808"]
[PlyCount "53"]
[EventDate "2024.??.??"]
[EventType "swiss"]
[EventRounds "7"]
[SourceVersionDate "2024.08.26"]

1. e4 c5 2. Nf3 e6 3. d4 cxd4 4. Nxd4 Nf6 5. Nc3 a6 6. e5 Ng8 7. Bf4 d5 8. exd6
Bxd6 9. Bxd6 Qxd6 10. Qd3 Ne7 11. Ne4 Qe5 12. Nf3 Qa5+ 13. b4 Qd5 14. Nd6+ Kf8
15. Qxd5 exd5 16. Nxc8 Nxc8 17. O-O-O Ne7 18. Bc4 Nbc6 19. Bxd5 Nxb4 20. Bxb7
Rb8 21. c3 Nxa2+ 22. Kc2 h5 23. Bxa6 Rh6 24. Bc4 Rhb6 25. Rd2 Rb2+ 26. Kd3 Nb4+
27. cxb4 1-0

[Event "Manfred-Bosbach-Turnier/44.OStM"]
[Site "Bergisch Gladbach"]
[Date "2024.08.29"]
[Round "2.3"]
[White "Müller, Andreas"]
[Black "Rosenauer, Horst"]
[Result "0-1"]
[WhiteElo "1754"]
[BlackElo "1863"]
[PlyCount "42"]
[EventDate "2024.??.??"]
[EventType "swiss"]
[EventRounds "7"]
[SourceVersionDate "2024.08.26"]

1. e4 e5 2. Nf3 Nc6 3. Nc3 Nf6 4. d4 Bb4 5. Nxe5 O-O 6. Bd3 Nxd4 7. Nf3 Ne6 8.
e5 Ne8 9. O-O Bxc3 10. bxc3 d5 11. exd6 Nxd6 12. c4 b6 13. Ne5 Qh4 14. Qg4 Qxg4
15. Nxg4 Bb7 16. f3 Rad8 17. Be3 c5 18. a4 Ba6 19. a5 Bxc4 20. Ne5 Bxd3 21.
Nxd3 Nc4 0-1

[Event "Manfred-Bosbach-Turnier/44.OStM"]
[Site "Bergisch Gladbach"]
[Date "2024.08.29"]
[Round "2.5"]
[White "Eilers, Jochen"]
[Black "Müller, Aaron"]
[Result "0-1"]
[WhiteElo "1931"]
[BlackElo "1770"]
[PlyCount "110"]
[EventDate "2024.??.??"]
[EventType "swiss"]
[EventRounds "7"]
[SourceVersionDate "2024.08.26"]

1. c4 e5 2. d3 Nf6 3. Nf3 Nc6 4. a3 a5 5. g3 d6 6. Nc3 g6 7. Bg2 Bg7 8. O-O O-O
9. Rb1 Nd7 10. b4 axb4 11. axb4 f5 12. Qb3 Kh8 13. Ng5 Nd4 14. Qd1 Bf6 15. h4
h6 16. Nh3 Bg7 17. e3 Ne6 18. Ne2 g5 19. hxg5 hxg5 20. f4 exf4 21. exf4 g4 22.
Ng5 Nxg5 23. fxg5 Ra2 24. d4 Nb6 25. Nc3 Ra8 26. Qd3 c6 27. d5 cxd5 28. Nxd5
Re8 29. Bb2 Nxd5 30. Bxd5 Bxb2 31. Rxb2 Qxg5 32. Qc3+ Kh7 33. Rh2+ Kg6 34. Re1
Rxe1+ 35. Qxe1 Bd7 36. Re2 Qf6 37. Qd2 Ra1+ 38. Re1 Ra3 39. Re3 Qa1+ 40. Qe1
Qxe1+ 41. Rxe1 Rxg3+ 42. Kf2 Rc3 43. Re7 Bc6 44. Re6+ Kg5 45. Rxd6 Bxd5 46.
cxd5 Kf4 47. Rd7 Rc2+ 48. Ke1 Kf3 49. Rxb7 g3 50. Rg7 Rc4 51. d6 Rxb4 52. Rg5
f4 53. Rd5 g2 54. Rg5 Rb1+ 55. Kd2 g1=Q 0-1

[Event "Manfred-Bosbach-Turnier/44.OStM"]
[Site "Bergisch Gladbach"]
[Date "2024.08.29"]
[Round "2.7"]
[White "Rohleder, Traugott"]
[Black "Steinhausen, Karl-Heinz"]
[Result "1-0"]
[WhiteElo "1721"]
[BlackElo "1035"]
[PlyCount "91"]
[EventDate "2024.??.??"]
[EventType "swiss"]
[EventRounds "7"]
[SourceVersionDate "2024.08.26"]

1. c4 e5 2. Nc3 d6 3. d3 Nf6 4. g3 g6 5. Bg2 Bg7 6. Bg5 Nbd7 7. Nf3 c6 8. O-O
O-O 9. Ne4 Qc7 10. Nxf6+ Bxf6 11. Bxf6 Nxf6 12. Qd2 Kg7 13. Rac1 c5 14. b4 b6
15. Nxe5 Bb7 16. Nf3 Bxf3 17. Bxf3 Rad8 18. b5 d5 19. a4 dxc4 20. Rxc4 Rd4 21.
Rxd4 cxd4 22. Rc1 Qe5 23. Rc4 Rd8 24. Qb2 Qf5 25. Rxd4 Rxd4 26. Qxd4 Qc8 27.
Kg2 h5 28. e4 Qe6 29. h4 Kf8 30. a5 Kg8 31. Qd8+ Kg7 32. axb6 axb6 33. Qd4 Kg8
34. Qc3 Nd7 35. d4 Nf6 36. d5 Qe7 37. Qd4 Nd7 38. Be2 Nc5 39. e5 Qb7 40. Bf3
Qd7 41. d6 Qxb5 42. Bd5 Qd7 43. Qc4 Ne6 44. Bxe6 fxe6 45. Qc7 Qb5 46. d7 1-0

[Event "Manfred-Bosbach-Turnier/44.OStM"]
[Site "Bergisch Gladbach"]
[Date "2024.08.29"]
[Round "2.8"]
[White "Weiser, Till Merlin"]
[Black "Klein, Dieter"]
[Result "0-1"]
[WhiteElo "941"]
[BlackElo "1498"]
[PlyCount "28"]
[EventDate "2024.??.??"]
[EventType "swiss"]
[EventRounds "7"]
[SourceVersionDate "2024.08.26"]

1. d4 d5 2. c4 e6 3. Nc3 Nf6 4. cxd5 Nxd5 5. e4 Nxc3 6. bxc3 Be7 7. Qg4 g6 8.
Be3 b6 9. Bb5+ c6 10. Bc4 Nd7 11. Ne2 O-O 12. e5 c5 13. Bh6 Re8 14. Nf4 cxd4
0-1

[Event "Manfred-Bosbach-Turnier/44.OStM"]
[Site "Bergisch Gladbach"]
[Date "2024.08.29"]
[Round "2.9"]
[White "Nichte, Philipp"]
[Black "Schneider, Erich"]
[Result "1-0"]
[WhiteElo "1754"]
[BlackElo "1289"]
[PlyCount "45"]
[EventDate "2024.??.??"]
[EventType "swiss"]
[EventRounds "7"]
[SourceVersionDate "2024.08.26"]

1. e4 c5 2. Nf3 g6 3. d4 cxd4 4. Nxd4 Bg7 5. Be3 Nc6 6. Nc3 Nf6 7. Be2 O-O 8.
Qd2 Re8 9. O-O-O d5 10. exd5 Nxd4 11. Bxd4 b6 12. Be5 Bb7 13. f4 Rc8 14. Bf3
Qd7 15. Qd4 Red8 16. Rhe1 Qe8 17. Qe3 h5 18. h3 Nd7 19. Bxg7 Kxg7 20. f5 Kh7
21. fxg6+ fxg6 22. Ne4 Qg8 23. Ng5+ 1-0

[Event "Manfred-Bosbach-Turnier/44.OStM"]
[Site "Bergisch Gladbach"]
[Date "2024.08.29"]
[Round "2.10"]
[White "Limburg, Leonhard"]
[Black "Hertling, Jürgen"]
[Result "0-1"]
[WhiteElo "1311"]
[BlackElo "1725"]
[PlyCount "52"]
[EventDate "2024.??.??"]
[EventType "swiss"]
[EventRounds "7"]
[SourceVersionDate "2024.08.26"]

1. e4 e5 2. Nf3 Nc6 3. Bc4 Bc5 4. b4 Bxb4 5. c3 Be7 6. O-O Nf6 7. Re1 O-O 8. d4
d6 9. d5 Na5 10. Bd3 c6 11. Nbd2 cxd5 12. exd5 Nxd5 13. Ne4 Bd7 14. Neg5 Nf6
15. Qc2 g6 16. Ne4 Bc6 17. Nxf6+ Bxf6 18. Qe2 e4 19. Bxe4 Bxc3 20. Bb2 Bxe1 21.
Qxe1 Nc4 22. Bxc6 Nxb2 23. Bxb7 Rb8 24. Bd5 Nd3 25. Qc3 Nf4 26. Bb3 Ne2+ 0-1

[Event "Manfred-Bosbach-Turnier/44.OStM"]
[Site "Bergisch Gladbach"]
[Date "2024.08.29"]
[Round "2.12"]
[White "Stieg, Karsten"]
[Black "Zimmermann, Wolfgang"]
[Result "1-0"]
[WhiteElo "1401"]
[BlackElo "1164"]
[PlyCount "95"]
[EventDate "2024.??.??"]
[EventType "swiss"]
[EventRounds "7"]
[SourceVersionDate "2024.08.26"]

1. d4 Nf6 2. c4 e6 3. Nc3 c6 4. Bg5 Be7 5. Nf3 h6 6. Bh4 d5 7. Bxf6 Bxf6 8. e4
Nd7 9. e5 Be7 10. c5 b6 11. b4 b5 12. Bd3 O-O 13. Bc2 f5 14. exf6 Nxf6 15. Ne5
Bb7 16. O-O a5 17. a3 axb4 18. axb4 Rxa1 19. Qxa1 Qa8 20. f3 Qxa1 21. Rxa1 Ra8
22. Rxa8+ Bxa8 23. Bg6 Bb7 24. Ne2 Bd8 25. Nf4 Bc7 26. Bf7+ Kh7 27. Bg6+ Kg8
28. Nxe6 Bxe5 29. dxe5 Nd7 30. f4 Nf8 31. Nxf8 Kxf8 32. Kf2 Bc8 33. f5 Bd7 34.
g4 Ke7 35. h4 Kf8 36. Ke3 Ke7 37. g5 hxg5 38. hxg5 Be8 39. f6+ gxf6 40. exf6+
Kf8 41. Bxe8 Kxe8 42. g6 Kf8 43. Kd4 Kg8 44. Ke5 Kf8 45. Ke6 d4 46. g7+ Kg8 47.
Ke7 d3 48. f7+ 1-0

[Event "Manfred-Bosbach-Turnier/44.OStM"]
[Site "Bergisch Gladbach"]
[Date "2024.08.29"]
[Round "2.12"]
[White "Ehmann, Florian"]
[Black "Schüers, Christian"]
[Result "1-0"]
[WhiteElo "1254"]
[BlackElo "1392"]
[PlyCount "95"]
[EventDate "2024.??.??"]
[EventType "swiss"]
[EventRounds "7"]
[SourceVersionDate "2024.08.26"]

1. e4 c5 2. Nf3 d6 3. Bc4 e6 4. d4 Be7 5. dxc5 dxc5 6. Qxd8+ Bxd8 7. O-O Ne7 8.
Rd1 O-O 9. Be3 b6 10. Nc3 Ba6 11. Bf1 Bxf1 12. Kxf1 Nbc6 13. Nb5 a6 14. Nc3 Rc8
15. a3 Re8 16. Na4 Ng6 17. b4 Nd4 18. Rd2 Nxf3 19. gxf3 cxb4 20. axb4 a5 21.
Nxb6 Bxb6 22. Bxb6 axb4 23. Bd4 Ra8 24. Rxa8 Rxa8 25. Bc5 Ne5 26. Ke2 h6 27.
Bxb4 Kh7 28. Bc3 Ng6 29. Rd7 Kg8 30. Bb4 Rc8 31. c3 Ne5 32. Rd1 Kh7 33. h3 Kg8
34. Ba5 Nc4 35. Rd8+ Rxd8 36. Bxd8 Kf8 37. Bc7 Ke8 38. Kd3 Nb2+ 39. Kd4 Kd7 40.
Bg3 Na4 41. c4 Kc6 42. Bh4 Nc5 43. Be7 Nd7 44. c5 g6 45. f4 f5 46. exf5 exf5
47. h4 h5 48. f3 1-0

[Event "Manfred-Bosbach-Turnier/44.OStM"]
[Site "Bergisch Gladbach"]
[Date "2024.09.06"]
[Round "3.1"]
[White "Wieferig, Wolfgang"]
[Black "Themm, Rainer"]
[Result "0-1"]
[WhiteElo "2170"]
[BlackElo "1842"]
[PlyCount "69"]
[EventDate "2024.??.??"]
[EventType "swiss"]
[EventRounds "7"]
[SourceVersionDate "2024.08.26"]

1. d4 g6 2. c4 Bg7 3. Nc3 d6 4. e4 Nd7 5. f4 e5 6. Nf3 exd4 7. Nxd4 c6 8. Be3
Ngf6 9. Nb3 Qc7 10. Be2 O-O 11. Bf3 b6 12. O-O Bb7 13. Qc2 Rae8 14. Rfe1 Re7
15. Rad1 Rfe8 16. Qd2 Nc5 17. Nxc5 dxc5 18. e5 Rd7 19. Qf2 Rxd1 20. Rxd1 Nd7
21. Ne4 Nf8 22. Qh4 Ne6 23. Rd6 Rd8 24. g4 Rxd6 25. exd6 Qd7 26. Qe7 Bc8 27.
Kg2 Bxb2 28. f5 Ng7 29. Qg5 Ne8 30. Bf4 f6 31. Qh6 gxf5 32. gxf5 Qxf5 33. Bg3
Bd7 34. Qe3 Qh3+ 35. Kh1 0-1

[Event "Manfred-Bosbach-Turnier/44.OStM"]
[Site "Bergisch Gladbach"]
[Date "2024.09.06"]
[Round "3.2"]
[White "Müller, Aaron"]
[Black "Gelsok, Philipp"]
[Result "0-1"]
[WhiteElo "1770"]
[BlackElo "2049"]
[PlyCount "97"]
[EventDate "2024.??.??"]
[EventType "swiss"]
[EventRounds "7"]
[SourceVersionDate "2024.08.26"]

1. d4 f5 2. c4 Nf6 3. Nc3 d6 4. g3 g6 5. Bg2 Bg7 6. Nh3 c6 7. O-O O-O 8. b3 e5
9. dxe5 dxe5 10. Qc2 Qe7 11. Rd1 Na6 12. a3 Nc5 13. b4 Ne6 14. Ng5 Nd4 15. Qa2
h6 16. Nh3 Ne6 17. Bb2 g5 18. f3 a5 19. b5 Qc5+ 20. Kf1 a4 21. Nf2 e4 22. Rac1
Bd7 23. bxc6 bxc6 24. Nb1 Be8 25. Bc3 Rf7 26. Bb4 Qa7 27. c5 Nd5 28. Kg1 Bd4
29. Qc4 Be3 30. Rc2 Bxf2+ 31. Kxf2 Qe7 32. Nc3 Nec7 33. Nxd5 Nxd5 34. Re1 f4
35. Qxe4 fxg3+ 36. Kxg3 Qc7+ 37. Kf2 Re7 38. Qd3 Bf7 39. e4 Qxh2 40. Rh1 Qxg2+
41. Kxg2 Nf4+ 42. Kg3 Nxd3 43. Bc3 h5 44. Bf6 Rb7 45. Bxg5 Rb3 46. Rg1 Ne5 47.
Rf2 Kh7 48. Bf6 Ng4 49. Kh4 0-1

[Event "Manfred-Bosbach-Turnier/44.OStM"]
[Site "Bergisch Gladbach"]
[Date "2024.09.06"]
[Round "3.3"]
[White "Rosenauer, Horst"]
[Black "Klein, Dieter"]
[Result "1-0"]
[WhiteElo "1863"]
[BlackElo "1498"]
[PlyCount "119"]
[EventDate "2024.??.??"]
[EventType "swiss"]
[EventRounds "7"]
[SourceVersionDate "2024.08.26"]

1. e4 d5 2. exd5 Nf6 3. d4 Nxd5 4. c3 a6 5. Bd3 e6 6. Ne2 Be7 7. O-O c5 8. dxc5
Bxc5 9. Qc2 Bd6 10. h3 h6 11. Nd2 Nf4 12. Nxf4 Bxf4 13. Qa4+ Nc6 14. Qxf4 Qxd3
15. Nf3 O-O 16. Qg3 Ne7 17. Bf4 Nf5 18. Qh2 Qb5 19. b3 b6 20. Nd4 Nxd4 21. cxd4
Qd5 22. Qg3 Qxd4 23. Bxh6 Qf6 24. Be3 b5 25. Rfd1 e5 26. Rd2 Bf5 27. Rad1 Rad8
28. Kh2 Rxd2 29. Rxd2 Re8 30. Re2 Qg6 31. Qh4 Bd3 32. Re1 e4 33. Rc1 f5 34. Qf4
Kh7 35. Rc5 Rf8 36. Rc7 Rf7 37. Rc8 Qf6 38. h4 Rf8 39. Rc5 Be2 40. Rd5 Bg4 41.
Kg3 Qg6 42. Qg5 Qc6 43. Re5 Qd6 44. Bf4 Qd3+ 45. Kh2 Qd4 46. Re7 Qf6 47. Ra7
Qxg5 48. Bxg5 f4 49. Re7 f3 50. Rxe4 Bh5 51. g4 Bg6 52. Re6 a5 53. Ra6 Re8 54.
Rxa5 Bd3 55. Be3 Be2 56. a4 bxa4 57. bxa4 Re4 58. Ra7 Kg8 59. a5 Ra4 60. Bf4
1-0

[Event "Manfred-Bosbach-Turnier/44.OStM"]
[Site "Bergisch Gladbach"]
[Date "2024.09.06"]
[Round "3.4"]
[White "Lobbes, Frank"]
[Black "Stieg, Karsten"]
[Result "1-0"]
[WhiteElo "1808"]
[BlackElo "1401"]
[PlyCount "37"]
[EventDate "2024.??.??"]
[EventType "swiss"]
[EventRounds "7"]
[SourceVersionDate "2024.08.26"]

1. e4 e5 2. Nf3 Nc6 3. Bc4 a6 4. c3 d6 5. d4 Bg4 6. Be3 f6 7. Qb3 Na5 8. Qa4+
b5 9. Qxa5 bxc4 10. Nbd2 c6 11. Qxd8+ Kxd8 12. dxe5 d5 13. Nd4 Bd7 14. e6 Be8
15. O-O-O a5 16. exd5 cxd5 17. Nf5 Ne7 18. Nd6 Bg6 19. Bb6# 1-0

[Event "Manfred-Bosbach-Turnier/44.OStM"]
[Site "Bergisch Gladbach"]
[Date "2024.09.06"]
[Round "3.5"]
[White "Hertling, Jürgen"]
[Black "Gutt, Oswald"]
[Result "1/2-1/2"]
[WhiteElo "1725"]
[BlackElo "1797"]
[PlyCount "42"]
[EventDate "2024.??.??"]
[EventType "swiss"]
[EventRounds "7"]
[SourceVersionDate "2024.08.26"]

1. d4 d5 2. c4 c6 3. Nf3 e6 4. Nc3 dxc4 5. a4 Bb4 6. e3 b5 7. Be2 Nf6 8. O-O
Bxc3 9. bxc3 O-O 10. Ne5 Bb7 11. Ba3 Re8 12. Qb1 Qc8 13. axb5 cxb5 14. Qxb5 Ba6
15. Qa4 Nbd7 16. Nxc4 Bxc4 17. Qxc4 Qxc4 18. Bxc4 Rec8 19. Ba6 Rxc3 20. Rfc1
Rb3 21. Bc5 h5 1/2-1/2

[Event "Manfred-Bosbach-Turnier/44.OStM"]
[Site "Bergisch Gladbach"]
[Date "2024.09.06"]
[Round "3.7"]
[White "Nölle, Michael"]
[Black "Ehmann, Florian"]
[Result "1-0"]
[WhiteElo "1382"]
[BlackElo "1254"]
[PlyCount "53"]
[EventDate "2024.??.??"]
[EventType "swiss"]
[EventRounds "7"]
[SourceVersionDate "2024.08.26"]

1. d4 Nf6 2. Bf4 d5 3. Nf3 Bf5 4. e3 e6 5. Nbd2 h6 6. c3 Nbd7 7. Ne5 Bd6 8.
Ndf3 g5 9. Bg3 Nh5 10. Qb3 Qc8 11. Nxd7 Kxd7 12. Ne5+ Ke7 13. Be2 Nxg3 14. hxg3
f6 15. Nd3 Bxd3 16. Bxd3 c5 17. c4 dxc4 18. Bxc4 Qc6 19. Bxe6 cxd4 20. Bd5 Qc7
21. O-O dxe3 22. Qxe3+ Kf8 23. Qf3 h5 24. Qxf6+ Ke8 25. Qxh8+ Kd7 26. Qxa8 Bxg3
27. Qxb7 1-0

[Event "Manfred-Bosbach-Turnier/44.OStM"]
[Site "Bergisch Gladbach"]
[Date "2024.09.06"]
[Round "3.8"]
[White "Steinhausen, Karl-Heinz"]
[Black "Weiser, Till Merlin"]
[Result "0-1"]
[WhiteElo "1035"]
[BlackElo "941"]
[PlyCount "36"]
[EventDate "2024.??.??"]
[EventType "swiss"]
[EventRounds "7"]
[SourceVersionDate "2024.08.26"]

1. e4 c6 2. d3 d5 3. Nd2 dxe4 4. Nxe4 Nf6 5. Nxf6+ exf6 6. Nf3 Bd6 7. g3 O-O 8.
Bg2 Re8+ 9. Be3 Bg4 10. O-O Nd7 11. h3 Bh5 12. a3 Bxg3 13. fxg3 Rxe3 14. Qd2
Qb6 15. b4 Re2+ 16. Kh2 Bxf3 17. Qxe2 Bxe2 18. Rfe1 Qf2 0-1